<?xml version="1.0" encoding="UTF-8"?>
<record
    xmlns:xsi="http://www.w3.org/2001/XMLSchema-instance"
    xsi:schemaLocation="http://www.loc.gov/MARC21/slim http://www.loc.gov/standards/marcxml/schema/MARC21slim.xsd"
    xmlns="http://www.loc.gov/MARC21/slim">

  <leader>02106nam a22002057a 4500</leader>
  <controlfield tag="005">20230703144747.0</controlfield>
  <controlfield tag="008">230106b           ||||| |||| 00| 0 eng d</controlfield>
  <datafield tag="020" ind1=" " ind2=" ">
    <subfield code="a">9788126905706</subfield>
  </datafield>
  <datafield tag="040" ind1=" " ind2=" ">
    <subfield code="a">AL</subfield>
    <subfield code="c">AL</subfield>
  </datafield>
  <datafield tag="041" ind1=" " ind2=" ">
    <subfield code="a">eng</subfield>
  </datafield>
  <datafield tag="082" ind1=" " ind2=" ">
    <subfield code="2">23</subfield>
    <subfield code="a">822.309375</subfield>
    <subfield code="b">BANF</subfield>
  </datafield>
  <datafield tag="100" ind1=" " ind2=" ">
    <subfield code="a">Swapan Kumar Banerjee</subfield>
    <subfield code="9">68686</subfield>
  </datafield>
  <datafield tag="245" ind1=" " ind2=" ">
    <subfield code="a">Feminism in Modern English Drama(1892-1914)</subfield>
  </datafield>
  <datafield tag="260" ind1=" " ind2=" ">
    <subfield code="a">New Delhi</subfield>
    <subfield code="b">Atlantic Publishers and Distributors </subfield>
    <subfield code="c">2022</subfield>
  </datafield>
  <datafield tag="300" ind1=" " ind2=" ">
    <subfield code="a"> 139p.</subfield>
    <subfield code="b">HB</subfield>
    <subfield code="c">21.5x13cm.</subfield>
  </datafield>
  <datafield tag="365" ind1=" " ind2=" ">
    <subfield code="2">Gerneral</subfield>
    <subfield code="a">1834</subfield>
    <subfield code="b">&#x20B9;421.00</subfield>
    <subfield code="c">&#x20B9;</subfield>
    <subfield code="d">&#x20B9;495.00</subfield>
    <subfield code="e">15%</subfield>
    <subfield code="f">02/01/2023</subfield>
  </datafield>
  <datafield tag="520" ind1=" " ind2=" ">
    <subfield code="a">Feminism in modern English drama explores the emergence of the new woman in the plays of Bernard Shaw, galsworthy and Granville Barker and how their dominating role revolutionized the modern drama. The emphasis shifted from the male protagonist to the Unwomanly woman who is shown more as a product of social, economic and political interactions than individual creation. The focus is on the early and middle plays of Bernard Shaw and the influence of ibsen&#x2019;s plays has been given their rightful place. Most of Shaw&#x2019;s major plays&#x2014;from widows houses to Pygmalion, come under the purview of the book, while the plays of contemporaries like pinero, Jones and Oscar Wilde have been discussed to highlight the contrast. More interesting are the unknown assertive heroines of galsworthy&#x2019;s middle and late plays from the eldest son and the fugitive to the skin game. His women characters remain in oblivion because hardly any scholar has bothered to study them. Though Granville Barker is well-known as a critic and director of Shakespeare plays, his own plays with the new woman as heroine still remain little known in the academic circle. In the conclusion the bearing of this early feminism is shown on the feminist playwrights like Caryl Churchill, Pam gems et al. Of the 1980s. It is hoped that the present book will prove an asset to those who have keen interest in English drama. In addition, the students, researchers and teachers of English literature will find it an ideal reference book.</subfield>
  </datafield>
  <datafield tag="650" ind1=" " ind2=" ">
    <subfield code="2">Literature</subfield>
  </datafield>
  <datafield tag="942" ind1=" " ind2=" ">
    <subfield code="2">ddc</subfield>
    <subfield code="c">BK</subfield>
  </datafield>
  <datafield tag="999" ind1=" " ind2=" ">
    <subfield code="c">226287</subfield>
    <subfield code="d">226287</subfield>
  </datafield>
  <datafield tag="952" ind1=" " ind2=" ">
    <subfield code="0">0</subfield>
    <subfield code="1">0</subfield>
    <subfield code="2">ddc</subfield>
    <subfield code="4">0</subfield>
    <subfield code="7">0</subfield>
    <subfield code="8">MAENG</subfield>
    <subfield code="a">SACPG</subfield>
    <subfield code="b">SACPG</subfield>
    <subfield code="d">2022-12-12</subfield>
    <subfield code="e">Vidya Vihar</subfield>
    <subfield code="g">421.00</subfield>
    <subfield code="l">0</subfield>
    <subfield code="o">822.309375 BANF</subfield>
    <subfield code="p">PG024126</subfield>
    <subfield code="r">2023-01-06 00:00:00</subfield>
    <subfield code="v">495.00</subfield>
    <subfield code="w">2023-02-01</subfield>
    <subfield code="y">BK</subfield>
  </datafield>
</record>
